| 000 | 00808nam a2200241Ia 4500 | ||
|---|---|---|---|
| 003 | OSt | ||
| 005 | 20220923211451.0 | ||
| 006 | a|||||r|||| 00| 0 | ||
| 007 | ta | ||
| 008 | Pun | ||
| 020 |
_a9789350687789 (hbk) _c200 |
||
| 024 | _a282,555 | ||
| 037 |
_b899, 25/07/2014, Bright Book Service _cTextual |
||
| 040 |
_aARTS _cARTS _bPun |
||
| 041 |
_2Pun _aPun |
||
| 082 | _aNR4443, 153Q4 | ||
| 100 | _aਰਾਜਪੁਰਾ, ਅਲੀ | ||
| 245 | 0 |
_aਲੋਕ ਗਾਥਾਵਾਂ ਦਾ ਬਾਦFਾਹ _b ਕੁਲਦੀਪ ਮਾਣਕ |
|
| 260 |
_aਚੰਡੀਗੜ _b ਲੋਕਗੀਤ ਪ੍ਰਕਾFਨ _c2014 |
||
| 300 |
_a204ਪੰ _ccm. |
||
| 942 |
_hNR4443, 153Q4 _cTEXL _2CC |
||
| 999 |
_c299807 _d299807 |
||